<?xml version="1.0" encoding="UTF-8"?><marc:collection xmlns:marc="http://www.loc.gov/MARC21/slim">
  <marc:record>
    <marc:leader>00000nam##2200000za#4500</marc:leader>
    <marc:controlfield tag="001">9.647770</marc:controlfield>
    <marc:controlfield tag="003">CaOODSP</marc:controlfield>
    <marc:controlfield tag="005">20210615112750</marc:controlfield>
    <marc:controlfield tag="007">ta</marc:controlfield>
    <marc:controlfield tag="008">150407|2000||||xxc|||||     f|0| 0 eng|d</marc:controlfield>
    <marc:datafield tag="020" ind1=" " ind2=" ">
      <marc:subfield code="a">0-662-29034-8</marc:subfield>
    </marc:datafield>
    <marc:datafield tag="040" ind1=" " ind2=" ">
      <marc:subfield code="a">CaOODSP</marc:subfield>
      <marc:subfield code="b">eng</marc:subfield>
    </marc:datafield>
    <marc:datafield tag="043" ind1=" " ind2=" ">
      <marc:subfield code="a">n-cn---</marc:subfield>
    </marc:datafield>
    <marc:datafield tag="086" ind1="1" ind2=" ">
      <marc:subfield code="a">H46-2/00-65E</marc:subfield>
    </marc:datafield>
    <marc:datafield tag="110" ind1="1" ind2=" ">
      <marc:subfield code="a">Canada.</marc:subfield>
      <marc:subfield code="b">Health Canada. </marc:subfield>
      <marc:subfield code="b">Environmental Health Directorate.</marc:subfield>
    </marc:datafield>
    <marc:datafield tag="245" ind1="1" ind2="0">
      <marc:subfield code="a">X-ray equipment in medical diagnosis part A : </marc:subfield>
      <marc:subfield code="b">recommended safety procedures for installations and use - safety code 20A </marc:subfield>
    </marc:datafield>
    <marc:datafield tag="250" ind1=" " ind2=" ">
      <marc:subfield code="a">Revised.</marc:subfield>
    </marc:datafield>
    <marc:datafield tag="260" ind1=" " ind2=" ">
      <marc:subfield code="a">Ottawa - Ontario : </marc:subfield>
      <marc:subfield code="b">Health Canada. </marc:subfield>
      <marc:subfield code="c">2000.</marc:subfield>
    </marc:datafield>
    <marc:datafield tag="300" ind1=" " ind2=" ">
      <marc:subfield code="a">98p. : </marc:subfield>
      <marc:subfield code="b">figs., tables ; </marc:subfield>
      <marc:subfield code="c">21 cm.</marc:subfield>
    </marc:datafield>
    <marc:datafield tag="500" ind1=" " ind2=" ">
      <marc:subfield code="a">"This document is one of a series of Safety Codes prepared by the Radiation Protection Bureau to set out requirements for the safe use of radiation emitting devices. Included in this Code are sections for the specific guidance of the radiologist, the physician, the operator and the medical or health physicist concerned with safety procedures, equipment performance and protection surveys. The safety procedures, equipment and installation guidelines detailed in this Code are primarily for the instruction and guidance of persons employed in Federal Public Service Department and Agencies, as well as those coming under the jurisdiction of the Canada Labour Code."--Explanatory notes. "This code supersedes safety code RPB-SC-4, entitled X-rays in medical, dental and paramedical diagnostic radiology - recommended installation and safety procedures, and it is intended to complement x-ray equipment design, construction and performance standards promulgated under the Radiation Emitting Devices Act."--Page 6.</marc:subfield>
    </marc:datafield>
    <marc:datafield tag="504" ind1=" " ind2=" ">
      <marc:subfield code="a">Bibliography.</marc:subfield>
    </marc:datafield>
    <marc:datafield tag="520" ind1="3" ind2=" ">
      <marc:subfield code="a">This document is one of a series of Safety Codes prepared by the Radiation Protection Bureau to set out requirements for the safe use of radiation emitting devices. Included in this Code are sections for the specific guidance of the radiologist, the physician, the operator and the medical or health physicist concerned with safety procedures, equipment performance and protection surveys. The safety procedures, equipment and installation guidelines detailed in this Code are primarily for the instruction and guidance of persons employed in Federal Public Service Department and Agencies, as well as those coming under the jurisdiction of the Canada Labour Code.--Explanatory notes This code supersedes safety code RPB-SC-4, entitled X-rays in medical, dental and paramedical diagnostic radiology - recommended installation and safety procedures, and it is intended to complement x-ray equipment design, construction and performance standards promulgated under the Radiation Emitting Devices Act.--Page 6</marc:subfield>
    </marc:datafield>
    <marc:datafield tag="563" ind1=" " ind2=" ">
      <marc:subfield code="a">Softcover</marc:subfield>
    </marc:datafield>
    <marc:datafield tag="590" ind1=" " ind2=" ">
      <marc:subfield code="a">00-45</marc:subfield>
      <marc:subfield code="b">2000-11-10</marc:subfield>
    </marc:datafield>
    <marc:datafield tag="690" ind1="0" ind2="7">
      <marc:subfield code="a">Medical technology</marc:subfield>
      <marc:subfield code="2">gcpds</marc:subfield>
    </marc:datafield>
    <marc:datafield tag="690" ind1="0" ind2="7">
      <marc:subfield code="a">Safety measures</marc:subfield>
      <marc:subfield code="2">gcpds</marc:subfield>
    </marc:datafield>
    <marc:datafield tag="775" ind1="0" ind2="8">
      <marc:subfield code="t">Les appareils radiographiques en diagnostic médical, partie A : </marc:subfield>
      <marc:subfield code="w">(CaOODSP)9.681150</marc:subfield>
    </marc:datafield>
    <marc:datafield tag="776" ind1="0" ind2="#">
      <marc:subfield code="t">X-ray equipment in medical diagnosis. Part A, Recommended safety procedures for installation and use : </marc:subfield>
      <marc:subfield code="w">(CaOODSP)9.695403</marc:subfield>
    </marc:datafield>
    <marc:datafield tag="986" ind1=" " ind2=" ">
      <marc:subfield code="a">80-EHD-65</marc:subfield>
    </marc:datafield>
  </marc:record>
</marc:collection>
